Tracts & journaux clandestins : 1940-1944 / documents choisis et présentés par Rémy Cazals ; préface de Raymond Courrière 1940-1944 / documents choisis et présentés par Rémy Cazals ; préface de Raymond Courrière
Descripción Física:
48 p. : il., col. ; 20 x 20 cm
Otros Autores:
Courrière, Raymond, pr
MARC
| LEADER | 00000nam a2200000Ia 4500 | ||
|---|---|---|---|
| 001 | 10769 | ||
| 003 | BGR | ||
| 005 | 20260324175627.0 | ||
| 008 | 160829s1992 xx 000 0 cat d | ||
| 080 | |a FU-1-5 | ||
| 100 | |a Cazals, Rémy |9 35672 | ||
| 245 | |a Tracts & journaux clandestins : |b 1940-1944 / documents choisis et présentés par Rémy Cazals ; préface de Raymond Courrière | ||
| 260 | |a Carcassonne : |b Archives de l'Aude, |c 1992 | ||
| 300 | |a 48 p. : |b il., col. ; |c 20 x 20 cm | ||
| 650 | |a Literatura clandestina |x França |x 1940/1944 |9 35673 | ||
| 700 | |a Courrière, Raymond, pr. |9 35674 | ||
| 710 | 1 | |a Archives de l'Aude (Carcassonne) |9 70470 | |
| 901 | |a Arxiu | ||
| 942 | |n 1 |2 udc |c MON | ||
| 952 | |0 0 |1 0 |4 0 |6 FU15 |7 1 |9 47023 |a Arxiu |b Arxiu |d 2016-12-01 |l 0 |o FU-1-5 |p 10769 |r 2016-12-01 00:00:00 |w 2016-12-01 |y ARXIU | ||
| 999 | |c 50816 |d 50816 | ||